प्राचीन एवं पूर्व मध्यकालीन भारत का इतिहास: (Record no. 203877)
[ view plain ]
| 000 -LEADER | |
|---|---|
| fixed length control field | 00880nam a22001937a 4500 |
| 005 - DATE AND TIME OF LATEST TRANSACTION | |
| control field | 20240703105637.0 |
| 010 ## - LCCN (DPL NO) | |
| LC control number | HIN-127903 |
| 020 ## - INTERNATIONAL STANDARD BOOK NUMBER | |
| Terms of availability | 899.00 |
| International Standard Book Number | 9789357054171 |
| 035 ## - SYSTEM CONTROL NUMBER | |
| System control number | HN-100249 |
| 037 ## - SOURCE OF ACQUISITION | |
| Source of stock number/acquisition | DBAD |
| 082 ## - DEWEY DECIMAL CLASSIFICATION NUMBER | |
| Classification number | 954 |
| 100 ## - MAIN ENTRY--PERSONAL NAME | |
| Personal name | सिंह, उपिंदर |
| 245 ## - TITLE STATEMENT | |
| Title | प्राचीन एवं पूर्व मध्यकालीन भारत का इतिहास: |
| Remainder of title | पाषाण काल से 12वी शताब्दी तक/ |
| Statement of responsibility, etc | उपिंदर सिंह |
| 250 ## - EDITION STATEMENT | |
| Edition statement | दिव्तीय |
| 260 ## - PUBLICATION, DISTRIBUTION, ETC. (IMPRINT) | |
| Place of publication, distribution, etc | Noida |
| Name of publisher, distributor, etc | Pearson India Education Services Pvt. Ltd. |
| Date of publication, distribution, etc | 2024 |
| 270 ## - ADDRESS | |
| Address | 1st Floor, Berger Tower,, Plot No. C-001A/2, sector 16B |
| City | Noida |
| Postal code | 201301 |
| Electronic mail address | companysecretary.india@pearson.com |
| 300 ## - PHYSICAL DESCRIPTION | |
| Extent | 808 पृ. |
| Dimensions | 28 सेमी. (आजिल्द) |
| 942 ## - ADDED ENTRY ELEMENTS (KOHA) | |
| Source of classification or shelving scheme | Dewey Decimal Classification |
| Item type | Hindi Books |
| Classification part | 954 |
| Call number suffix | उपिंद |
| Withdrawn status | Lost status | Not for loan | Collection code | Home library | Current library | Date acquired | Source of acquisition | Cost, normal purchase price | Full call number | Barcode | Copy number | Cost, replacement price | Koha item type |
|---|---|---|---|---|---|---|---|---|---|---|---|---|---|
| Not For Loan | Non-fiction | Central Library | Central Library | 03/07/2024 | DBAD | 899.00 | 954 उपिंद | HN-100249 | 1 | 899.00 | Hindi Books |
